000 01053nas a2200325 4500
001 BR2013000871
003 BR-BrBNA
005 20231205121911.0
007 ta
008 230509b bl.|||p| |||| 00| 00por d
040 _aBR-BrBNA
_bpor
_cBiblioteca Nacional de Agricultura
041 _a(Pt)
072 _aL72
100 1 _aSantos, A.V.
100 1 _aOliveira, R.A. de
100 1 _aAlbuquerque, G.R.
245 1 _aEfeito in vitro do extrato de nim (Azadirachta indica)e óleo essencial de carvo (Syzygium aromaticum)sobre Rhipicephalus (Boophilus)microplus
650 _aGADO LEITEIRO
650 _aNIM
650 _aINSETICIDA DE ORIGEM VEGETAL
650 _aAZADIRACHTA INDICA
650 _aÓLEO ESSENCIAL
650 _aCRAVO
650 _aSYZYGIUM AROMATICUM
650 _aCULTURA IN VITRO
650 _aCARRAPATO
773 0 _tRevista Brasileira de Medicina Veterinária (Brazil)
_xISSN 0100-2430
_g(Apr-Jun 2012), v. 34(2) p. 111-115
_wBR2013000871
909 _a202311
_bLúcia
_c55
_dLúcia Elande
942 _2AGRIS
_n0
_cANA
999 _c225832
_d225832